000 00572nam a2200193 a 4500
001 3588
005 20140414131947.0
008 050727s19uu xx 00 eng d
020 _a1-57768-942-9
050 _aTR 372.7
_bS6 2003
100 _aShiotsu, Vicky
245 0 _aMath, grade 2 /
_cwritten by Vicky Shiotsu.
260 _aColumbus, Ohio :
_bMcGraw-Hill Children's Pub.,
_c2003.
300 _a64 p. : ill. ; cm.
440 _aGifted and Talented
650 _aMathematics
_xStudy and teaching.
650 _aMathematics
_xJuvenile literature.
999 _c112703
_d112703